Centrum tradičnej kultúry – Esencia, v lokalite Nad jazerom, Košice

Guardado en:
Detalles Bibliográficos
Autor principal: Sepešiová, Daniela (Autor)
Otros Autores: Borecká, Eva (Orientador)
Formato: Manuscrito Libro
Lenguaje:eslovaco
Publicado: 2025
Materias:
Acceso en línea:http://is.stuba.sk/zp/portal_zp.pl?podrobnosti=181869
CRZP
Etiquetas: Agregar Etiqueta
Sin Etiquetas, Sea el primero en etiquetar este registro!

MARC

LEADER 00000ntm a22000003a 4500
001 stuzp103796
003 SK-STU
005 20250731152136.2
007 ta
008 150427s2015----xo-----f-mn---000-0-slo-d
040 |a STU  |b slo 
041 0 |a slo 
100 1 |a Sepešiová, Daniela  |u 010310  |4 aut  |U SvF Stavebná fakulta  |T SvF Katedra architektúry  |X 98487  |U V181|V310  |Y 19  |7 98487 
242 0 1 |a Center of traditional culture - Esencia, located in Nad jazerom, Košice  |y eng 
245 1 0 |a Centrum tradičnej kultúry – Esencia, v lokalite Nad jazerom, Košice 
260 |c 2025 
650 4 |a education  |2 eng 
650 4 |a herrtage  |2 eng 
650 4 |a development  |2 eng 
650 4 |a traditions  |2 eng 
650 4 |a inovations  |2 eng 
650 4 |a society  |2 eng 
650 4 |a center  |2 eng 
650 4 |a culture  |2 eng 
650 4 |a inovácie  |2 slo 
650 4 |a dedičstvo  |2 slo 
650 4 |a kultúra  |2 slo 
650 4 |a spoločnosť  |2 slo 
650 4 |a vzdelávanie  |2 slo 
650 4 |a centrum  |2 slo 
650 4 |a rozvíjanie  |2 slo 
650 4 |a tradície  |2 slo 
700 1 |a Borecká, Eva  |u 010310  |k Z1  |4 ths  |U SvF Stavebná fakulta  |T SvF Katedra architektúry  |X 53660  |U V181|V310  |Y 19  |7 A000053660 
856 4 |u http://is.stuba.sk/zp/portal_zp.pl?podrobnosti=181869 
856 4 |u https://opac.crzp.sk/?fn=detailBiblioForm&sid=809C367C54749DCAA048A9FF7E5A  |z CRZP